000 01381nam a2200349Ia 4500
001 ebr10115202
003 CaPaEBR
006 m u
007 cr cn|||||||||
008 031126s2004 nyu sb 001 0 eng d
010 _z 2003068949
020 _z1403973717
020 _z1403961816 (alk. paper)
020 _z1403961824 (pbk. : alk. paper)
040 _aCaPaEBR
_cCaPaEBR
035 _a(OCoLC)560027072
050 1 4 _aHM1272
_b.P87 2004eb
082 0 4 _a305/.09729
_222
100 1 _aPuri, Shalini.
245 1 4 _aThe Caribbean postcolonial
_h[electronic resource] :
_bsocial equality, post-nationalism, and cultural hybridity /
_cShalini Puri.
260 _aNew York :
_bPalgrave Macmillan,
_c2004.
300 _axii, 300 p.
504 _aIncludes bibliographical references (p. [267]-291) and index.
533 _aElectronic reproduction.
_bPalo Alto, Calif. :
_cebrary,
_d2009.
_nAvailable via World Wide Web.
_nAccess may be limited to ebrary affiliated libraries.
650 0 _aCultural fusion
_zCaribbean Area.
650 0 _aPostcolonialism
_zCaribbean Area.
650 0 _aEquality
_zCaribbean Area.
650 0 _aNationalism
_zCaribbean Area.
655 7 _aElectronic books.
_2local
710 2 _aebrary, Inc.
856 4 0 _uhttp://site.ebrary.com/lib/rucke/Doc?id=10115202
_zAn electronic book accessible through the World Wide Web; click to view
999 _c207776
_d207776